Medzinárodné audítorské štandardy ISA 530 - Výber vzorky v audite a ostatné výberové testovacie postupy

Cieľom ISA 530 je vytvoriť zásady a poskytnúť návod na používanie postupov pri výbere vzorky a ostatných prostriedkov výberu položiek na testovanie s cieľom získať audítorské dôkazy. Posudzovanie rizika pri získavaní dôkazov. Výber položiek na testovanie na účely zhromažďovania audítorských dôkazov....

Descripción completa

Guardado en:
Detalles Bibliográficos
Autor principal: Matejička, Peter
Formato: Capítulo de libro
Lenguaje:eslovaco
Materias:
Etiquetas: Agregar Etiqueta
Sin Etiquetas, Sea el primero en etiquetar este registro!

MARC

LEADER 00000naa$a2200000$$$4500
001 0038847
005 20231106093158.5
041 0 |a slo 
044 |a SK 
245 1 0 |a Medzinárodné audítorské štandardy  |b ISA 530 - Výber vzorky v audite a ostatné výberové testovacie postupy  |c Peter Matejička 
520 |a Cieľom ISA 530 je vytvoriť zásady a poskytnúť návod na používanie postupov pri výbere vzorky a ostatných prostriedkov výberu položiek na testovanie s cieľom získať audítorské dôkazy. Posudzovanie rizika pri získavaní dôkazov. Výber položiek na testovanie na účely zhromažďovania audítorských dôkazov. Návrh vzorky. Veľkosť vzorky. Výber vzorky. Vykonanie audítorských postupov a vyhodnotenie výsledkov zo vzorky. 
610 2 0 |a audítorstvo 
610 2 0 |a štandardy audítorské medzinárodné 
610 2 0 |a audit 
610 2 0 |a závierka účtovná 
610 2 0 |a riziko 
610 2 0 |a testy 
610 2 0 |a ISA 530 
100 1 |a Matejička, Peter